Small animal gastroenterology
This book is structured into different sections. The first section covers diagnostic tools and provides a rational approach to common clinical problems. In the second section, diseases affecting each portion of the gastrointestinal tract are discussed in detail.
Gardado en:
| Formato: | Libro |
|---|---|
| Idioma: | Undetermined |
| Publicado: |
Hannover, Germany
Schlutersche
2008
|
| Những chủ đề: | |
| Các nhãn: |
Engadir etiqueta
Sen Etiquetas, Sexa o primeiro en etiquetar este rexistro!
|
| Thư viện lưu trữ: | Trung tâm Học liệu Trường Đại học Cần Thơ |
|---|
| LEADER | 00773nam a2200181Ia 4500 | ||
|---|---|---|---|
| 001 | CTU_153086 | ||
| 008 | 210402s9999 xx 000 0 und d | ||
| 082 | |a 636.089 | ||
| 082 | |b S635 | ||
| 245 | 0 | |a Small animal gastroenterology | |
| 245 | 0 | |c Jorg M. Steiner edited | |
| 260 | |a Hannover, Germany | ||
| 260 | |b Schlutersche | ||
| 260 | |c 2008 | ||
| 520 | |a This book is structured into different sections. The first section covers diagnostic tools and provides a rational approach to common clinical problems. In the second section, diseases affecting each portion of the gastrointestinal tract are discussed in detail. | ||
| 650 | |a Veterinary gastroenterology,Thú y tiêu hóa | ||
| 904 | |i Bạch Trúc | ||
| 980 | |a Trung tâm Học liệu Trường Đại học Cần Thơ | ||